Sports Quiz

Random Sports or MLB Quiz

Colorado Rockies Complete Games Pitched Quiz Stats

 Plays Quiz not verified by Sporcle

Challenge
Share
Tweet
Embed
Score 0/34 Timer 20:00
0 Plays Today
Pitcher % Correct
Ubaldo Jimenez
88.9%
Aaron Cook
87.1%
Jeff Francis
82.5%
Mike Hampton
77.9%
Jason Jennings
68.2%
Pedro Astacio
60.4%
Denny Neagle
57.6%
Jason Marquis
53.9%
David Nied
46.1%
Darryl Kile
42.9%
Jason Hammel
40.6%
Josh Fogg
40.1%
Armando Reynoso
38.7%
Kevin Ritz
38.2%
Mark Thompson
28.1%
Jamey Wright
26.3%
Sun-Woo Kim
26.3%
Pitcher % Correct
Brian Bohanon
24.4%
John Thomson
24%
Shawn Estes
22.1%
Bobby Jones
22.1%
Joe Kennedy
19.8%
Roger Bailey
18.9%
Greg Harris
16.1%
Jason Hirsh
13.4%
Bryan Rekar
12.4%
Darren Oliver
11.5%
Lance Painter
10.6%
Mark Brownson
9.7%
Willie Blair
8.8%
Butch Henry
8.8%
Kent Bottenfield
7.4%
Julian Tavarez
6%
John Wasdin
5.5%

You're not logged in!

Compare scores with friends on all Sporcle quizzes.
Join for Free
OR
Log In

You Might Also Like...

Show Comments

Extras

Top Quizzes Today


Score Distribution

Your Account Isn't Verified!

In order to create a playlist on Sporcle, you need to verify the email address you used during registration. Go to your Sporcle Settings to finish the process.

Report this User

Report this user for behavior that violates our Community Guidelines.

Details: